|
|
|
|
| LEADER |
03397nam a2200685 a 4500 |
| 001 |
nkc20102103988 |
| 003 |
CZ PrNK |
| 005 |
20100714082340.0 |
| 007 |
ta |
| 008 |
100429s2010 xr ae e 000 0 cze |
| 015 |
|
|
|a cnb002103988
|
| 020 |
|
|
|a 978-80-86472-45-4
|q (Garamon ;
|q brož.)
|
| 035 |
|
|
|a (OCoLC)655148492
|
| 040 |
|
|
|a BOA001
|b cze
|d ABA001
|
| 043 |
|
|
|a e-xr---
|b e-xr-kr
|2 czenas
|
| 045 |
|
|
|a u6y0
|a v0y0
|
| 072 |
|
7 |
|a 72
|x Architektura
|2 Konspekt
|9 21
|
| 080 |
|
|
|a 27-772
|2 MRF
|
| 080 |
|
|
|a 27-726.2
|2 MRF
|
| 080 |
|
|
|a 726.9
|2 MRF
|
| 080 |
|
|
|a 72.034.7
|2 MRF
|
| 080 |
|
|
|a 72:904
|2 MRF
|
| 080 |
|
|
|a 902.2
|2 MRF
|
| 080 |
|
|
|a (437.313)
|2 MRF
|
| 080 |
|
|
|a (062.534)
|2 MRF
|
| 245 |
0 |
0 |
|a Biskupská rezidence v Hradci Králové :
|b [300 let od vybudování] /
|c vědecká redakce Petr Polehla, Jan Hojda ; [autoři Radek Bláha ... et al.]
|
| 260 |
|
|
|a [Hradec Králové] :
|b Biskupství královéhradecké,
|c c2010
|
| 300 |
|
|
|a 91 s. :
|b il., plány ;
|c 21 cm
|
| 500 |
|
|
|a "Sympozium, z jehož příspěvků tato publikace vzešla, pořádalo 18.11.2009 u příležitosti 300. výročí vybudování biskupské rezidence v Hradci Králové Biskupství královéhradecké - Diecézní teoloický institut a občanské sdružení Katedrála 2008 ve spolupráci s Kabinetem regionálních církevních dějin při Katedře pomocných věd historických a archivnictví FF UHK a Katedrou výtvarné kultury PdF UHK za podpory Statutárního města Hradec Králové a Ministerstva kultury ČR"--Tiráž
|
| 504 |
|
|
|a Obsahuje bibliografické odkazy
|
| 610 |
2 |
7 |
|a Katolická církev.
|b Biskupství královéhradecké
|7 ko2002148815
|2 czenas
|
| 648 |
|
7 |
|a 17.-21. století
|7 ch757027
|2 czenas
|
| 648 |
|
7 |
|a 18.-21. století
|7 ch757020
|2 czenas
|
| 650 |
0 |
7 |
|a diecéze
|7 ph258278
|z Česko
|y 17.-21. století
|2 czenas
|
| 650 |
0 |
7 |
|a biskupové
|7 ph118929
|z Česko
|y 17.-21. století
|2 czenas
|
| 650 |
0 |
7 |
|a biskupské rezidence
|7 ph162316
|z Česko
|y 18.-21. století
|2 czenas
|
| 650 |
0 |
7 |
|a barokní architektura
|7 ph118759
|z Česko
|2 czenas
|
| 650 |
0 |
7 |
|a architektonické památky
|7 ph118585
|z Česko
|2 czenas
|
| 650 |
0 |
7 |
|a archeologické výzkumy
|7 ph118577
|z Česko
|2 czenas
|
| 650 |
0 |
9 |
|a dioceses
|z Czechia
|y 17th-21st centuries
|2 eczenas
|
| 650 |
0 |
9 |
|a bishops
|z Czechia
|y 17th-21st centuries
|2 eczenas
|
| 650 |
0 |
9 |
|a residences of bishops
|z Czechia
|y 18th-21st centuries
|2 eczenas
|
| 650 |
0 |
9 |
|a baroque architecture
|z Czechia
|2 eczenas
|
| 650 |
0 |
9 |
|a archaeological monuments
|z Czechia
|2 eczenas
|
| 650 |
0 |
9 |
|a excavations (archaeology)
|z Czechia
|2 eczenas
|
| 651 |
|
7 |
|a Hradec Králové (Česko)
|7 ge129332
|2 czenas
|
| 651 |
|
7 |
|a Hradec Králové (Česko : oblast)
|7 ge134227
|2 czenas
|
| 651 |
|
9 |
|a Hradec Králové (Czechia)
|2 eczenas
|
| 651 |
|
9 |
|a Hradec Králové Region (Czechia)
|2 eczenas
|
| 655 |
|
7 |
|a sborníky konferencí
|7 fd133333
|2 czenas
|
| 655 |
|
9 |
|a proceedings of conferences
|2 eczenas
|
| 700 |
1 |
|
|a Bláha, Radek,
|d 1976-
|7 xx0057564
|4 aut
|
| 700 |
1 |
|
|a Polehla, Petr,
|d 1974-
|7 ola2008434469
|4 red
|
| 700 |
1 |
|
|a Hojda, Jan,
|d 1974-
|7 ola2002113762
|4 red
|
| 856 |
4 |
1 |
|u http://www.digitalniknihovna.cz/mzk/uuid/uuid:463594c0-58e1-11e4-8b11-005056827e51
|y Digitalizovaný dokument
|x NDK
|
| 910 |
2 |
|
|a BOA001
|b 2-1244.230
|
| 990 |
|
|
|a BK
|
| 995 |
|
|
|a 01
|
| 991 |
|
|
|b 201007
|c NOV
|
| 996 |
6 |
|
|b 2610438990
|c 2-1244.230
|l MZK
|r Sklad / do 1 hodiny
|n 4
|p p.v.
|w 001126104
|u 000010
|a 1
|e BOA001
|j MZK50
|s P
|